| 000 | 00000nas 2200000zi 4500 |
| 001 | 9.880827 |
| 003 | CaOODSP |
| 005 | 20221107165859 |
| 006 | m go d f |
| 007 | cr bn||||||||| |
| 008 | 191018d19481965oncmr p o f0 a0eng|d |
| 040 | |aCaOODSP|beng|erda|cCaOODSP |
| 043 | |an-cn--- |
| 086 | 1 |aD12-19/1E-PDF|zD12-19E-PDF |
| 245 | 04|aThe Crowsnest. |
| 264 | 0|a[Ottawa] : |b[King's Printer] |
| 310 | |aMonthly |
| 336 | |atext|btxt|2rdacontent |
| 337 | |acomputer|bc|2rdamedia |
| 338 | |aonline resource|bcr|2rdacarrier |
| 362 | 1 |aBegan with November 1948; ceased with vol. 17, no. 6 (June 1965). |
| 500 | |a"The Royal Canadian Navy's magazine." |
| 500 | |aFor the later serial with the same name published 2007-2017, please see D12-19E-PDF. |
| 515 | |aIssues for January-June and July-December published together. |
| 588 | |aDescription based on: vol. 1, no. 3 (January 1949). |
| 588 | |aDescription based on: vol. 17, no. 6 (June 1965). |
| 692 | 07|2gccst|aArmed forces |
| 710 | 1 |aCanada. |bDepartment of National Defence. |